[Event "Recife Araujo Cup 5th"]
[Site "Recife"]
[Date "2018.05.06"]
[Round "5"]
[White "Nunes, Marcelo Basilio"]
[Black "Barbosa, Eugenio Seve de Me"]
[Result "1/2-1/2"]
[WhiteElo "1949"]
[BlackElo "1986"]
[PlyCount "84"]
[EventDate "2018.05.04"]
[EventType "swiss"]
[EventRounds "6"]
[EventCountry "BRA"]
[SourceTitle "CBM 184 Extra"]
[Source "ChessBase"]
[SourceDate "2018.06.28"]
[SourceVersion "1"]
[SourceVersionDate "2018.06.28"]
[SourceQuality "1"]

1. Nf3 Nf6 2. g3 g6 3. Bg2 Bg7 4. 0-0 0-0 5. d3 c5 6. e4 Nc6 7. c3 e5 8. Be3 d6 9. h3 h6 10. Kh2 Be6 11. Nbd2 Qe7 12. c4 Nd4 13. Ng1 Qd7 14. f4 exf4 15. gxf4 Bg4 16. Ndf3 Bxf3 17. Nxf3 Nh5 18. Nxd4 cxd4 19. Bd2 Bf6 20. Qg4 Qc7 21. b4 b6 22. a4 Rab8 23. a5 Bg7 24. Rfc1 Nf6 25. Qg3 Nd7 26. Kh1 Kh7 27. axb6 axb6 28. Bf3 Ra8 29. Bg4 h5 30. Bf3 Rxa1 31. Rxa1 Bh6 32. Bg2 b5 33. Rc1 Ra8 34. Rc2 Ra1+ 35. Kh2 Ra3 36. Bf1 bxc4 37. Rxc4 Qa7 38. Rc2 Qa4 39. Rb2 Ra1 40. Qf2 Qa3 41. Rc2 Qa7 42. Bg2 Ra6 1/2-1/2

[Event "Joao Pessoa Fischer Memorial 9th"]
[Site "Joao Pessoa"]
[Date "2018.03.17"]
[Round "4"]
[White "Passos Coutinho, Eduardo"]
[Black "Barbosa, Eugenio Seve de Me"]
[Result "1/2-1/2"]
[WhiteElo "1678"]
[BlackElo "1983"]
[PlyCount "71"]
[EventDate "2018.03.16"]
[EventType "swiss"]
[EventRounds "6"]
[EventCountry "BRA"]
[SourceTitle "CBM 183 Extra"]
[Source "ChessBase"]
[SourceDate "2018.04.19"]
[SourceVersion "1"]
[SourceVersionDate "2018.04.19"]
[SourceQuality "1"]

1. e4 Nf6 2. Nc3 e5 3. Nf3 Nc6 4. Bc4 Bc5 5. 0-0 0-0 6. a3 a6 7. d3 d6 8. h3 h6 9. Nd5 Be6 10. Nxf6+ Qxf6 11. b4 Ba7 12. Ba2 Nd4 13. Kh2 Nxf3+ 14. Qxf3 Qxf3 15. gxf3 Bd4 16. Be3 Bxa1 17. Rxa1 Bxa2 18. Rxa2 f5 19. c4 fxe4 20. fxe4 c6 21. a4 b5 22. a5 Kf7 23. f4 exf4 24. Bxf4 Ke6 25. Kg3 g5 26. Be3 bxc4 27. dxc4 Ke5 28. Re2 Rab8 29. Bb6 Rf4 30. c5 Rb7 31. cxd6 Kxd6 32. e5+ Ke6 33. Rc2 Rxb4 34. Rxc6+ Kxe5 35. Rxh6 Rd7 36. Kf3 1/2-1/2

[Event "Joao Pessoa Fischer Memorial 9th"]
[Site "Joao Pessoa"]
[Date "2018.03.16"]
[Round "1"]
[White "Barbosa, Eugenio Seve de Me"]
[Black "De Moura Filho, Eny Nobrega"]
[Result "1-0"]
[WhiteElo "1983"]
[BlackElo "1409"]
[PlyCount "35"]
[EventDate "2018.03.16"]
[EventType "swiss"]
[EventRounds "6"]
[EventCountry "BRA"]
[SourceTitle "CBM 183 Extra"]
[Source "ChessBase"]
[SourceDate "2018.04.19"]
[SourceVersion "1"]
[SourceVersionDate "2018.04.19"]
[SourceQuality "1"]

1. d4 e6 2. Nf3 Nf6 3. Bf4 d6 4. h3 Be7 5. e3 Na6 6. Nbd2 c5 7. c3 Bd7 8. Bd3 Qb6 9. Nc4 Qc7 10. a4 b5 11. axb5 Nb8 12. b6 Qb7 13. Rxa7 Rxa7 14. bxa7 Qxa7 15. Nxd6+ Bxd6 16. Bxd6 Na6 17. Qa1 Qb6 18. Qxa6 1-0

[Event "Natal Potiguar op"]
[Site "Natal"]
[Date "2017.06.03"]
[Round "4"]
[White "Frankental, David"]
[Black "Barbosa, Eugenio Seve de Me"]
[Result "1/2-1/2"]
[WhiteElo "1836"]
[BlackElo "2011"]
[PlyCount "47"]
[EventDate "2017.06.02"]
[EventType "swiss"]
[EventRounds "6"]
[EventCountry "BRA"]
[SourceTitle "EXT 2018"]
[Source "ChessBase"]
[SourceDate "2017.10.13"]
[SourceVersion "1"]
[SourceVersionDate "2017.10.13"]
[SourceQuality "1"]

1. d4 Nf6 2. c4 g6 3. Nc3 d5 4. cxd5 Nxd5 5. e4 Nxc3 6. bxc3 Bg7 7. Bc4 0-0 8. Ne2 c5 9. Be3 Nc6 10. 0-0 Bg4 11. f3 Na5 12. Bxf7+ Rxf7 13. fxg4 Rxf1+ 14. Qxf1 Nc4 15. Bf2 Nd2 16. Qd1 Nxe4 17. Qb3+ Kh8 18. Qxb7 Nxf2 19. Kxf2 cxd4 20. cxd4 Bxd4+ 21. Nxd4 Qxd4+ 22. Kg3 Rf8 23. Qxe7 Qf4+ 24. Kh3 1/2-1/2

[Event "Brasilia Terraviva op"]
[Site "Brasilia"]
[Date "2016.04.21"]
[Round "1"]
[White "Barbosa, Eugenio Seve de Me"]
[Black "Da Silva, Amanda Ketley Doura"]
[Result "1/2-1/2"]
[WhiteElo "2032"]
[BlackElo "1554"]
[PlyCount "71"]
[EventDate "2016.04.21"]
[EventType "swiss"]
[EventRounds "7"]
[EventCountry "BRA"]
[SourceTitle "CBM 172 Extra"]
[Source "ChessBase"]
[SourceDate "2016.06.21"]
[SourceVersion "1"]
[SourceVersionDate "2016.06.21"]
[SourceQuality "1"]

1. d4 Nf6 2. Nf3 e6 3. Bf4 b6 4. e3 Bb7 5. Nbd2 Be7 6. Bd3 0-0 7. c3 d6 8. h3 Nbd7 9. 0-0 Nh5 10. Bh2 Nhf6 11. e4 Ne8 12. Qe2 c5 13. Rad1 Rc8 14. Rfe1 cxd4 15. cxd4 Bf6 16. e5 Be7 17. Nc4 Qc7 18. exd6 Bxd6 19. Nxd6 Nxd6 20. Ng5 Nf6 21. Be5 Qc6 22. f3 Nde8 23. Qe3 h6 24. Ne4 Nxe4 25. fxe4 f6 26. Bf4 Rd8 27. Rd2 g5 28. Bg3 Qa4 29. Bb1 Nd6 30. b3 Qa5 31. h4 Bxe4 32. Bxe4 Nxe4 33. Qxe4 Qxd2 34. Qg6+ Kh8 35. Qxh6+ Kg8 36. Qg6+ 1/2-1/2

[Event "Brasilia Terraviva op"]
[Site "Brasilia"]
[Date "2016.04.21"]
[Round "2"]
[White "Tarmak, Mart"]
[Black "Barbosa, Eugenio Seve de Me"]
[Result "1/2-1/2"]
[WhiteElo "1800"]
[BlackElo "2032"]
[PlyCount "54"]
[EventDate "2016.04.21"]
[EventType "swiss"]
[EventRounds "7"]
[EventCountry "BRA"]
[SourceTitle "CBM 172 Extra"]
[Source "ChessBase"]
[SourceDate "2016.06.21"]
[SourceVersion "1"]
[SourceVersionDate "2016.06.21"]
[SourceQuality "1"]

1. e4 e6 2. d3 d5 3. exd5 exd5 4. g3 Nf6 5. Bg2 Bd6 6. Ne2 0-0 7. 0-0 Bg4 8. h3 Bh5 9. Bg5 c6 10. g4 Bg6 11. Bf4 Bc5 12. d4 Bd6 13. Nd2 Re8 14. Bxd6 Qxd6 15. f4 Bxc2 16. Qxc2 Rxe2 17. Qd3 Re8 18. g5 Nfd7 19. f5 Na6 20. Qf3 Nc7 21. Rf2 c5 22. dxc5 Nxc5 23. Rd1 Qe5 24. g6 f6 25. gxh7+ Kxh7 26. Qh5+ Kg8 27. Nf3 Qg3 1/2-1/2

[Event "Joao Pessoa Fischer Memorial 7th"]
[Site "Joao Pessoa"]
[Date "2016.03.13"]
[Round "5"]
[White "Barbosa, Eugenio Seve de Me"]
[Black "Silva, Siderley Junior"]
[Result "1/2-1/2"]
[WhiteElo "2042"]
[BlackElo "1924"]
[PlyCount "45"]
[EventDate "2016.03.11"]
[EventType "swiss"]
[EventRounds "6"]
[EventCountry "BRA"]
[SourceTitle "CBM 171 Extra"]
[Source "ChessBase"]
[SourceDate "2016.04.26"]
[SourceVersion "1"]
[SourceVersionDate "2016.04.26"]
[SourceQuality "1"]

1. d4 Nf6 2. Nf3 g6 3. Bf4 Bg7 4. e3 d6 5. h3 Nbd7 6. Be2 0-0 7. 0-0 b6 8. c4 Bb7 9. Nc3 Re8 10. Bh2 e5 11. Re1 exd4 12. exd4 Ne4 13. Nxe4 Rxe4 14. Qd2 Qf6 15. Rad1 Rae8 16. b3 R4e7 17. d5 Qc3 18. Kf1 Nc5 19. Bd3 Qxd2 20. Rxd2 Rxe1+ 21. Nxe1 Bc3 22. Re2 Rxe2 23. Bxe2 1/2-1/2

[Event "Joao Pessoa Fischer Memorial 7th"]
[Site "Joao Pessoa"]
[Date "2016.03.11"]
[Round "2"]
[White "Pereira, Silvio Cunha"]
[Black "Barbosa, Eugenio Seve de Me"]
[Result "1-0"]
[WhiteElo "2255"]
[BlackElo "2042"]
[PlyCount "55"]
[EventDate "2016.03.11"]
[EventType "swiss"]
[EventRounds "6"]
[EventCountry "BRA"]
[SourceTitle "CBM 171 Extra"]
[Source "ChessBase"]
[SourceDate "2016.04.26"]
[SourceVersion "1"]
[SourceVersionDate "2016.04.26"]
[SourceQuality "1"]

1. e4 e6 2. d4 d5 3. Nc3 Bb4 4. Nge2 b6 5. a3 Be7 6. Qd3 Ba6 7. Qg3 Nf6 8. e5 Nh5 9. Qf3 g6 10. g4 Ng7 11. Bh6 Rg8 12. Nf4 Bb7 13. 0-0-0 Nc6 14. Kb1 Qd7 15. Nh3 0-0-0 16. Ng5 f6 17. exf6 Bxf6 18. Bb5 Bxg5 19. Bxg5 Rdf8 20. Qe3 Qf7 21. f4 a6 22. Bxc6 Bxc6 23. Rhe1 Bd7 24. h3 Rh8 25. Bh6 Kb7 26. Ne2 Rc8 27. Ng1 Rce8 28. Nf3 1-0

[Event "Natal-ch"]
[Site "Natal"]
[Date "2016.02.08"]
[Round "5"]
[White "Barbosa, Eugenio Seve de Me"]
[Black "Baeta, Marcio Netto"]
[Result "1/2-1/2"]
[WhiteElo "2036"]
[BlackElo "1962"]
[PlyCount "46"]
[EventDate "2016.02.06"]
[EventType "swiss"]
[EventRounds "6"]
[EventCountry "BRA"]
[SourceTitle "CBM 171 Extra"]
[Source "ChessBase"]
[SourceDate "2016.04.26"]
[SourceVersion "1"]
[SourceVersionDate "2016.04.26"]
[SourceQuality "1"]

1. d4 f5 2. Nf3 Nf6 3. Bf4 d6 4. e3 g6 5. c4 Bg7 6. Nc3 0-0 7. Be2 Nc6 8. 0-0 h6 9. h3 Nh5 10. Bh2 e5 11. dxe5 dxe5 12. Qd5+ Kh7 13. Rfd1 Qe7 14. Qb5 a6 15. Qb3 Nf6 16. Nd5 Nxd5 17. cxd5 Nd8 18. Rac1 c6 19. d6 Qe8 20. Bxe5 Bxe5 21. Nxe5 Qxe5 22. d7 Qe7 23. dxc8Q Rxc8 1/2-1/2

[Event "Natal-ch"]
[Site "Natal"]
[Date "2016.02.06"]
[Round "2"]
[White "Alonso, Salvador"]
[Black "Barbosa, Eugenio Seve de Me"]
[Result "1-0"]
[WhiteElo "2499"]
[BlackElo "2036"]
[PlyCount "39"]
[EventDate "2016.02.06"]
[EventType "swiss"]
[EventRounds "6"]
[EventCountry "BRA"]
[SourceTitle "CBM 171 Extra"]
[Source "ChessBase"]
[SourceDate "2016.04.26"]
[SourceVersion "1"]
[SourceVersionDate "2016.04.26"]
[SourceQuality "1"]

1. e4 e6 2. d4 d5 3. Nd2 Nf6 4. e5 Nfd7 5. Bd3 c5 6. c3 Nc6 7. Ngf3 Qb6 8. 0-0 cxd4 9. cxd4 f6 10. exf6 Nxf6 11. Nb1 Bd6 12. Nc3 Bd7 13. Re1 0-0 14. b3 a6 15. Bb2 Rae8 16. Na4 Qa7 17. Ne5 Bxe5 18. dxe5 b5 19. exf6 bxa4 20. Qh5 1-0

[Event "Joao Pessoa op 6th"]
[Site "Joao Pessoa"]
[Date "2015.10.12"]
[Round "5"]
[White "Barbosa, Eugenio Seve de Me"]
[Black "Gomes, Jose Murilo"]
[Result "1/2-1/2"]
[WhiteElo "2073"]
[BlackElo "1891"]
[PlyCount "54"]
[EventDate "2015.10.10"]
[EventType "swiss"]
[EventRounds "5"]
[EventCountry "BRA"]
[SourceTitle "CBM 168 Extra"]
[Source "ChessBase"]
[SourceDate "2015.10.29"]
[SourceVersion "1"]
[SourceVersionDate "2015.10.29"]
[SourceQuality "1"]

1. d4 d5 2. Nf3 Nf6 3. Bf4 e6 4. e3 Bd6 5. Bg3 Ne4 6. Nbd2 Nxg3 7. hxg3 Nc6 8. c3 Bd7 9. Bd3 h6 10. e4 dxe4 11. Nxe4 Ne7 12. Qe2 Bc6 13. a3 Nd5 14. Rd1 Nf6 15. Nfd2 Nxe4 16. Bxe4 Bxe4 17. Nxe4 c6 18. Qg4 Bf8 19. Rd2 Qc7 20. Re2 0-0-0 21. Qf3 Kb8 22. g4 Rg8 23. g3 Bd6 24. g5 hxg5 25. Nxg5 Rdf8 26. Nh7 Re8 27. Ng5 Ref8 1/2-1/2

[Event "Joao Pessoa op 3rd"]
[Site "Joao Pessoa"]
[Date "2012.03.11"]
[Round "6"]
[White "Barbosa, Eugenio Seve de Me"]
[Black "De Andrade, Dalson Holanda Cav"]
[Result "1/2-1/2"]
[WhiteElo "2089"]
[BlackElo "1922"]
[PlyCount "50"]
[EventDate "2012.03.09"]
[EventType "swiss"]
[EventRounds "6"]
[EventCountry "BRA"]
[SourceTitle "CBM 147 Extra"]
[Source "ChessBase"]
[SourceDate "2012.04.24"]
[SourceVersion "1"]
[SourceVersionDate "2012.04.24"]
[SourceQuality "1"]

1. d4 d5 2. c4 c6 3. Nc3 Nf6 4. Nf3 e6 5. cxd5 exd5 6. Bg5 Be7 7. e3 0-0 8. Bd3 Bg4 9. 0-0 h6 10. Bh4 Nbd7 11. h3 Bh5 12. Bg3 Re8 13. Rb1 a5 14. Be2 Bg6 15. Rc1 Ne4 16. Nxe4 Bxe4 17. Bd3 Nf6 18. Ne5 Bxd3 19. Qxd3 Ne4 20. Bh2 f6 21. Nf3 Bd6 22. Qb3 Bxh2+ 23. Kxh2 Qd6+ 24. Kg1 Qb4 25. Qc2 Re6 1/2-1/2

[Event "Joao Pessoa op 3rd"]
[Site "Joao Pessoa"]
[Date "2012.03.09"]
[Round "1"]
[White "Teixeira, Alexandre Cesar Fer"]
[Black "Barbosa, Eugenio Seve de Me"]
[Result "0-1"]
[WhiteElo "1768"]
[BlackElo "2089"]
[PlyCount "56"]
[EventDate "2012.03.09"]
[EventType "swiss"]
[EventRounds "6"]
[EventCountry "BRA"]
[SourceTitle "CBM 147 Extra"]
[Source "ChessBase"]
[SourceDate "2012.04.24"]
[SourceVersion "1"]
[SourceVersionDate "2012.04.24"]
[SourceQuality "1"]

1. e4 e6 2. Nf3 d5 3. d3 dxe4 4. Ne5 Nf6 5. Bg5 Be7 6. Bxf6 Bxf6 7. Qh5 g6 8. Nxf7 gxh5 9. Nxd8 Kxd8 10. Be2 Bxb2 11. 0-0 Bxa1 12. Nd2 exd3 13. cxd3 Bf6 14. Ne4 Ke7 15. Bxh5 Rd8 16. Be2 b6 17. Rc1 c5 18. Rc3 Bxc3 19. Nxc3 Bb7 20. Nb5 Nc6 21. Bf3 Rxd3 22. h3 Rxf3 23. gxf3 Nd4 24. Nc3 Nxf3+ 25. Kf1 Rd8 26. Kg2 Rg8+ 27. Kf1 Ba6+ 28. Ne2 Rg1# 0-1

[Event "Natal Potiguar op"]
[Site "Natal"]
[Date "2011.08.20"]
[Round "4"]
[White "Macedo, Maximo Iack Miranda"]
[Black "Barbosa, Eugenio Seve de Me"]
[Result "1-0"]
[WhiteElo "1776"]
[BlackElo "2095"]
[PlyCount "47"]
[EventDate "2011.08.19"]
[EventType "swiss"]
[EventRounds "6"]
[EventCountry "BRA"]
[SourceTitle "EXT 2014"]
[Source "ChessBase"]
[SourceDate "2013.11.20"]
[SourceVersion "1"]
[SourceVersionDate "2013.11.20"]
[SourceQuality "1"]

1. c4 Nf6 2. Nc3 d5 3. d4 g6 4. cxd5 Nxd5 5. e4 Nxc3 6. bxc3 Bg7 7. Bc4 0-0 8. Ne2 c5 9. 0-0 Nc6 10. Be3 Qc7 11. Rc1 Bd7 12. Qd2 Rad8 13. Kh1 Na5 14. Bd3 f5 15. f3 Nc6 16. Bc4+ Kh8 17. Nf4 fxe4 18. fxe4 Qa5 19. dxc5 Ne5 20. Be2 Be6 21. Bd4 Bg8 22. Qe3 Nc4 23. Nxg6+ hxg6 24. Qh6+ 1-0

[Event "Juazeiro op"]
[Site "Juazeiro do Norte"]
[Date "2011.07.23"]
[Round "4"]
[White "Abreu Santos, Eudismar"]
[Black "Barbosa, Eugenio Seve de Me"]
[Result "1/2-1/2"]
[WhiteElo "2160"]
[BlackElo "2095"]
[PlyCount "47"]
[EventDate "2011.07.21"]
[EventType "swiss"]
[EventRounds "7"]
[EventCountry "BRA"]
[SourceTitle "EXT 2012"]
[Source "ChessBase"]
[SourceDate "2011.11.24"]
[SourceVersion "1"]
[SourceVersionDate "2011.11.24"]
[SourceQuality "1"]

1. e4 d6 2. d4 Nf6 3. Nc3 Nbd7 4. Be3 e5 5. f3 c6 6. Nge2 Qa5 7. Qd2 b5 8. Ng3 Nb6 9. dxe5 dxe5 10. Bd3 b4 11. Nd1 Be6 12. 0-0 Rd8 13. Qf2 c5 14. b3 Bxb3 15. axb3 Qxa1 16. Bb5+ Nfd7 17. Nf5 Qa5 18. Qe2 c4 19. bxc4 a6 20. Bc6 g6 21. f4 Bc5 22. fxe5 0-0 23. Nh6+ Kg7 24. Nf5+ 1/2-1/2

[Event "Joao Pessoa Fischer Memorial 2nd"]
[Site "Joao Pessoa"]
[Date "2010.01.22"]
[Round "2"]
[White "Barbosa, Eugenio Seve de Me"]
[Black "Melo, Alberto Vieira"]
[Result "1/2-1/2"]
[WhiteElo "2109"]
[BlackElo "1935"]
[PlyCount "56"]
[EventDate "2010.01.22"]
[EventType "swiss"]
[EventRounds "6"]
[EventCountry "BRA"]
[SourceTitle "EXT 2011"]
[Source "ChessBase"]
[SourceDate "2010.11.26"]
[SourceVersion "1"]
[SourceVersionDate "2010.11.26"]
[SourceQuality "1"]

1. d4 Nf6 2. c4 c5 3. d5 b5 4. cxb5 a6 5. bxa6 g6 6. Nc3 Bxa6 7. Nf3 Bg7 8. g3 0-0 9. Bg2 d6 10. 0-0 Nbd7 11. h3 Qc7 12. Re1 Rfb8 13. e4 Ne8 14. Qc2 c4 15. Be3 Nc5 16. Bxc5 Qxc5 17. e5 Ra7 18. exd6 Nxd6 19. Ne5 Bxe5 20. Rxe5 Bc8 21. g4 Rab7 22. Rb1 Qd4 23. Qe2 Rxb2 24. Rxb2 Rxb2 25. Qxb2 Qxe5 26. a4 h5 27. gxh5 Qe1+ 28. Kh2 Qe5+ 1/2-1/2

[Event "Petrolina op"]
[Site "Petrolina"]
[Date "2009.10.10"]
[Round "4"]
[White "Paixao, Irineu Vieira Da"]
[Black "Barbosa, Eugenio Seve de Me"]
[Result "1/2-1/2"]
[WhiteElo "1679"]
[BlackElo "2118"]
[PlyCount "73"]
[EventDate "2009.10.09"]
[EventType "swiss"]
[EventRounds "7"]
[EventCountry "BRA"]
[SourceTitle "EXT 2010"]
[Source "ChessBase"]
[SourceDate "2010.11.25"]
[SourceVersion "1"]
[SourceVersionDate "2010.11.25"]
[SourceQuality "1"]

1. d4 Nf6 2. Nf3 g6 3. e3 d5 4. Bd3 Bg7 5. 0-0 0-0 6. Nbd2 Nbd7 7. b3 c5 8. Bb2 cxd4 9. exd4 b6 10. Qe2 e6 11. Ng5 Nb8 12. Rac1 Nc6 13. a3 Nh5 14. Qe3 Bb7 15. Ngf3 Qf6 16. g3 Qd8 17. Rfe1 Nf6 18. h3 Re8 19. Ne5 Nxe5 20. dxe5 Nd7 21. b4 Rc8 22. Nf3 Qe7 23. Nh2 a5 24. Qd2 axb4 25. axb4 Bf8 26. c3 d4 27. Bb5 dxc3 28. Bxc3 Red8 29. Qe3 Bc6 30. Bf1 Bg7 31. Ng4 h5 32. Nh2 Bd5 33. Nf3 Bxf3 34. Qxf3 Qg5 35. Rcd1 Nxe5 36. Rxd8+ Rxd8 37. Qe4 1/2-1/2